Florida State Symbols by Picture - Statistics

General Stats
  • This quiz has been taken 16 times
  • The average score is 9 of 15
Answer Stats
Picture Hint Answer % Correct
Reptile Alligator
93%
Animal Florida Panther
93%
Flower Orange blossom
93%
Beverage Orange Juice
93%
Tree Sabal {Palmetto}
93%
Mammal (marine) Manatee
87%
Pie {Key Lime} Pie
73%
Mammal (saltwater) {Bottlenose} Dolphin
67%
Shell Horse {Conch}
60%
Fish (freshwater) Largemouth Bass
47%
Bird Northern Mockingbird
27%
Butterfly {Zebra} Longwing
27%
Tortoise {Gopher} Tortoise
20%
Reptile (saltwater) {Loggerhead} Sea Turtle
20%
Fish (saltwater) Atlantic Sailfish
13%
No matching quizzes found
Score Distribution
Percent of People with Each Score
Percentile by Number Answered
Your Score History
You have not taken this quiz